000
00394nam a2200145Ia 4500
008
090124s9999 xx 000 0 und d
082
_b
303948
245
_a
व्रतस्थ
250
_a
1
260
_b
दातार प्रदीप दत्तात्रय
_c
1999
300
_a
233
630
_a
व्रतस्थ
730
_a
व्रतस्थ
942
_c
BOOK
999
_c
193585
_d
193585